Informe sobre la fe

Tallennettuna:
Bibliografiset tiedot
Päätekijät: Ratzinger, Joseph, Papa (autor), Messori, Vittorio (Tekijä)
Aineistotyyppi: Kirja
Kieli:espanja
Julkaistu: Madrid Biblioteca de Autores Cristianos 1985
Painos:1a. ed
Aiheet:
Tagit: Lisää tagi
Ei tageja, Lisää ensimmäinen tagi!

MARC

LEADER 00000cam a2200000 a 4500
001 UCE2452
003 CL-VaPUC
008 140703e19850000sp |||||||||||||||||spa|d
020 |a 842201193X 
082 0 4 |a 234.23  |b RAT  |2 21 
100 |a Ratzinger, Joseph,   |c Papa  |e autor   |9 494399 
700 0 |a Messori, Vittorio  |e author  |9 574896 
245 1 0 |a Informe sobre la fe 
250 |a 1a. ed 
300 |a 220 p 
942 |c BK 
945 |d 20140703 14:09:00  |a dcastane 
260 |a Madrid  |b Biblioteca de Autores Cristianos  |c 1985 
650 0 |a Fe  |9 308036 
650 0 |a Creencia Religiosa  |9 316904 
650 0 |a Teología cristiana  |9 308336 
650 0 |a Cristianismo  |9 257361 
583 |a last modification  |c 20140703 14:09:00  |k Rodrigo Vera 
999 |c 356052  |d 356050 
952 |0 0  |1 0  |3 erb  |4 0  |6 234_230000000000000_RAT_1985  |7 0  |8 A  |9 463127  |a BIBTEO  |b BIBTEO  |i 5085225  |o 234.23 RAT 1985  |p 5085225  |r 2025-01-17  |w 2019-11-23  |y BK  |z Catalogado en:20140703  |k ICR 
952 |0 0  |1 0  |3 erb  |4 0  |6 234_230000000000000_RAT_1985  |7 0  |8 A  |9 463128  |a BIBTEO  |b BIBTEO  |e Familia Cárdenas Lailhacar  |i 5317347  |o 234.23 RAT 1985  |p 5317347  |r 2025-01-17  |w 2019-11-23  |y BK  |z Catalogado en:20160731  |k ICR